000 00595nam a2200181Ia 4500
008 151202s9999||||xx |||||||||||||| ||und||
082 _bPNVM-83796
100 _aतेंडूलकर प्रिया.
245 _aपंचतारांकित.
260 _bराजहंस प्रकाशन.
260 _c2013
300 _a134
600 _aतेंडूलकर प्रिया.
630 _aपंचतारांकित.
700 _aतेंडूलकर प्रिया.
730 _aपंचतारांकित.
942 _cBOOK
999 _c1348652
_d1348649